000
00345nam a2200145Ia 4500
999
_c
14330
_d
14330
003
OSt
005
20260218172240.0
008
260210s9999 xx 000 0 und d
020
_a
9798182900331
100
_a
Ajay Khare
245
0
_a
Temple Architecture Of Eastern India
260
_b
Shubhi Publication
300
_a
212p;
942
_c
UG
_2
ddc